Modelo matemático de densidad poblacional de ceratitis capitata (Wiedemann) (Registro nro. 2461)

Detalles MARC
000 -LEADER
campo de control de longitud fija 02017nam a22003497a 4500
001 - NÚMERO DE CONTROL
campo de control 42835
003 - IDENTIFICADOR DE NÚMERO DE CONTROL
campo de control gtgccic
005 - FECHA Y HORA DE LA ÚLTIMA TRANSACCIÓN
campo de control 20251028155411.0
007 - CAMPO FIJO DE DESCRIPCIÓN FÍSICA--INFORMACIÓN GENERAL
campo de control de longitud fija ta
008 - DATOS DE LONGITUD FIJA--INFORMACIÓN GENERAL
campo de control de longitud fija 251028b gt ||||| |||| 00| 0 spa d
040 ## - FUENTE DE CATALOGACIÓN
Centro catalogador/agencia de origen gtgccic
Lengua de catalogación spa
Centro/agencia transcriptor gtgccic
Normas de descripción rda
084 ## - OTRO NÚMERO DE CLASIFICACIÓN
Número de control del registro de autoridad o número normalizado TPI-15-0091
100 10 - ENTRADA PRINCIPAL--NOMBRE DE PERSONA
Nombre de persona Maria Lizeth Benavides Lázaro
Fechas asociadas al nombre Licenciada en Matemáticas
Término indicativo de función/relación autor
245 10 - MENCIÓN DEL TÍTULO
Título Modelo matemático de densidad poblacional de ceratitis capitata (Wiedemann)
Resto del título y análisis de las consecuencias ambientales provocadas por el manejo de la plaga /
Mención de responsabilidad, etc. Benavides Lázaro, Mariela Lizeth
264 #1 - PRODUCCIÓN, PUBLICACIÓN, DISTRIBUCIÓN, FABRICACIÓN Y COPYRIGHT
Producción, publicación, distribución, fabricación y copyright Gutemala, Guatemala :
Nombre del de productor, editor, distribuidor, fabricante USAC, Facultad de Ingeniería ;
Fecha de producción, publicación, distribución, fabricación o copyright 2015.-
300 ## - DESCRIPCIÓN FÍSICA
Extensión xxxviii, 124 p. :
Otras características físicas il. ;
Dimensiones 27 cm
336 ## - TIPO DE CONTENIDO
Fuente rdacontenido
Término de tipo de contenido Texto
Código de tipo de contenido txt
337 ## - TIPO DE MEDIO
Fuente rdamedio
Nombre/término del tipo de medio sin mediación
Código del tipo de medio n
338 ## - TIPO DE SOPORTE
Fuente rdasoporte
Nombre/término del tipo de soporte volumen
Código del tipo de soporte nc
502 ## - NOTA DE TESIS
Nota de tesis Tesis Postgrado
Tipo de título MAESTRA EN ENERGÍA Y AMBIENTE
Nombre de la institución que otorga el título USAC, Facultad de Ingeniería, Escuela de Postgrado
Año de obtención del título 2015
Identificador de la tesis TPI-15-0091
504 ## - NOTA DE BIBLIOGRAFÍA, ETC.
Nota de bibliografía, etc. Nota Bibliografía pag. 103
505 ## - NOTA DE CONTENIDO CON FORMATO
Título 1. MARCO TEÓRICO
505 ## - NOTA DE CONTENIDO CON FORMATO
Título 2. DESARROLLO DE LA INVESTIGACIÓN
505 ## - NOTA DE CONTENIDO CON FORMATO
Título 3. PRESENTACIÓN DE RESULTADOS
505 ## - NOTA DE CONTENIDO CON FORMATO
Título 4. DISCUSIÓN DE RESULTADOS
520 #3 - RESUMEN, ETC.
Sumario, etc. La mosca del mediterráneo es una de las plagas agrícolas más destructivas del mundo. Según estudio del Departamento de Cultivos y Ciencias Agroambientalels, Universidad de Puerto Rico, el rango de hospederos se estima en más de 260 especies de flores, frutas y vegetales, además posee gran capacidad de reproducción, puede poner hasta 20 huevos diarios. Aunque las regulaciones a nivel mundial han variado, se continúa con la implementación de insecticidas por parte del agricultor. En muchos casos los pequeños productores no tienen una idea clara de las medidas de reacción al identificar la plaga, con lo que se continúa contaminando suelos, agua y dañando las plantaciones.
650 ## - PUNTO DE ACCESO ADICIONAL DE MATERIA--TÉRMINO DE MATERIA
Término de materia o nombre geográfico como elemento de entrada PLAGAS
650 ## - PUNTO DE ACCESO ADICIONAL DE MATERIA--TÉRMINO DE MATERIA
Término de materia o nombre geográfico como elemento de entrada MODELOS MATEMÁTICOS
650 ## - PUNTO DE ACCESO ADICIONAL DE MATERIA--TÉRMINO DE MATERIA
Término de materia o nombre geográfico como elemento de entrada DENSIDAD DE POBLACIÓN
942 ## - ELEMENTOS DE ENTRADA SECUNDARIOS (KOHA)
Fuente de la clasificación o esquema de estantería Clasificación Decimal Dewey
Tipo de ítem Koha TESISPOSTGRADO
945 ## - PROCESAMIENTO DE INFORMACIÓN LOCAL (OCLC)
a amlo
Existencias
Estatus retirado Estado de pérdida Fuente de la clasificación o esquema de estantería Estado de daño No para préstamo Biblioteca de origen Biblioteca actual Fecha de adquisición Número de inventario Total de préstamos Signatura topográfica completa Código de barras Visto por última vez Precio de reemplazo Tipo de ítem Koha Nota pública
    Clasificación Decimal Dewey     CENTRO DE INFORMACIÓN A LA CONSTRUCCIÓN-CICON CENTRO DE INFORMACIÓN A LA CONSTRUCCIÓN-CICON 28/10/2025 P20150091   TPI-15-0091 20150091 28/10/2025 28/10/2025 TESISPOSTGRADO disponible